Countries that Beat Turkmenistan - Statistics

General Stats
  • This quiz has been taken 203 times
  • The average score is 9 of 15
Answer Stats
Rank Category Countries % Correct
2 Longest border with Iran Iraq
95%
7 Least democratic [1] Afghanistan | Myanmar | North Korea | D.R. Congo |Central African Republic | Syria
94%
2 Longest coastline on the Caspian Sea Kazakhstan
87%
6 Largest reserves of natural gas [3] Russia | Iran | Qatar | Saudi Arabia | United States
82%
4 Largest desert that is located entirely in one country [2] Australia | Argentina | United States
72%
6 Where Uzbekistan imports from the most Russia | China | Kazakhstan | South Korea | Turkey
71%
6 First to be home to the world's largest city since 1 A.D. [4] Italy | Turkey | Iraq | China | Spain
65%
2 Whose flag has the highest % green Saudi Arabia
64%
5 Northernmost capital starting with A Netherlands | Andorra | Turkey | Greece
58%
11 Closest capital to another country's border * among those larger than 100,000 km2 Italy | Chad | Laos | Central African Republic | Paraguay | Rep. of the Congo | D.R. Congo | Uzbekistan | Gabon | Benin
51%
4 Largest ethnic majority in a Post-Soviet state Armenia | Azerbaijan | Georgia
50%
14 Longest-serving current "President" * excluding presidents with non-consecutive terms Equatorial Guinea | Cameroon | Uganda | Eritrea | Belarus | Tajikistan | Rep. of the Congo | Djibouti | Rwanda | Syria | Azerbaijan | United Arab Emirates | Togo | Nicaragua
50%
10 Highest GDP per-capita growth rates(1990-2015) Equatorial Guinea | China | Vietnam | Nicaragua |East Timor | Cambodia | Lebanon | Maldives | Myanmar
40%
2 Longest single-word country name Liechtenstein
37%
5 Most recent to declare neutrality Mongolia | Uzbekistan | Rwanda | Serbia
32%
No matching quizzes found
Score Distribution
Percent of People with Each Score
Percentile by Number Answered
Your Score History
You have not taken this quiz